000 00399nam a2200145Ia 4500
008 210210b1985 xxu||||| |||| 00| 0 eng d
082 _a915.487 KARN
100 _aKARNATAKA, Government of
245 _aMy land my people.
260 _aBangalore
_bCentre for non-formal & Conti. Edu.
_c1985
300 _a184
650 _aGeography of Karnataka
690 _aGeography of India
906 _a039714
999 _c89483
_d89483